Singapore MRT Stations in Chinese (Downtown Line) - Statistics

General Stats
  • This quiz has been taken 69 times
  • The average score is 26 of 34
Answer Stats
Question Answer % Correct
Newton 纽顿
95%
Chinatown 牛车水
95%
Beauty World 美世界
89%
Tan Kah Kee 陈嘉庚
89%
Botanic Gardens 植物园
89%
Little India 小印度
89%
Bugis 武吉士
89%
MacPherson 麦波申
89%
Kaki Bukit 加基武吉
89%
Hillview 山景
84%
Promenade 宝门廊
84%
Mattar 玛达
84%
Bedok North 勿洛北
84%
Bedok Reservoir 勿洛蓄水池
84%
Tampines West 淡滨尼西
84%
Tampines 淡滨尼
84%
Tampines East 淡滨尼东
84%
Expo 博览
84%
Bukit Panjang 武吉班让
79%
Cashew 凯秀
79%
King Albert Park 阿尔柏王园
79%
Ubi 乌美
79%
Upper Changi 樟宜上段
79%
Bayfront 海湾舫
74%
Downtown 市中心
74%
Geylang Bahru 芽笼峇鲁
74%
Sixth Avenue 第六道
68%
Fort Canning 福康宁
58%
Stevens 史蒂芬
53%
Rochor 梧槽
53%
Bencoolen 明古连
53%
Jalan Besar 惹兰勿刹
53%
Telok Ayer 直落亚逸
47%
Bendemeer 明地迷亚
42%
No matching quizzes found
Score Distribution
Percent of People with Each Score
Percentile by Number Answered
Your Score History
You have not taken this quiz